LIBRARY & INFORMATION CENTRE, KCAET, TAVANUR

ONLINE PUBLIC ACCESS CATALOGUE (OPAC)

Practical animal husbandry / (Record no. 3488)

MARC details
000 -LEADER
fixed length control field 00400cam a2200157ua 4500
041 ## - LANGUAGE CODE
Language code of text/sound track or separate title eng
082 ## - DEWEY DECIMAL CLASSIFICATION NUMBER
Classification number 636
Item number MIL/PR
100 ## - MAIN ENTRY--AUTHOR NAME
Personal name Miller, William C .
245 ## - TITLE STATEMENT
Title Practical animal husbandry /
260 ## - PUBLICATION, DISTRIBUTION, ETC. (IMPRINT)
Place of publication London :
Name of publisher Oliver and boyd ,
Year of publication 1952.
300 ## - PHYSICAL DESCRIPTION
Number of Pages 607 ; .
700 1# - ADDED ENTRY--PERSONAL NAME
Personal name Robertson, E D S .
942 ## - ADDED ENTRY ELEMENTS (KOHA)
Koha item type Books
Holdings
Withdrawn status Lost status Damaged status Home library Current library Date acquired Full call number Accession Number Koha item type
Withdrawn     KAUAET KAUAET 07/04/2012 636 3443 Books
free website counter